| 000 | 00695nam a2200205 4500 | ||
|---|---|---|---|
| 001 | 138068 | ||
| 003 | ES-MaACL | ||
| 005 | 20260210161953.0 | ||
| 007 | t| | ||
| 008 | 070214s1952 sp r ||||1| spa d | ||
| 100 | 1 |
_aSánchez-Monge y Parellada, Enrique. _9102789 |
|
| 245 | 1 | 0 |
_aGenética general y agrícola / _cEnrique Sánchez-Monge y Parellada y Ramón Esteruelas Rolando. |
| 260 |
_aBarcelona ; _aMadrid [etc.] : _bSalvat, _c1952. |
||
| 300 |
_aXII, 349 p. : _bil. ; _c22 cm. |
||
| 490 | 1 | _aCol. Agrícola Salvat | |
| 700 | 1 |
_aEsteruelas Rolando, Ramón. _948121 |
|
| 830 | 0 |
_aColección agrícola Salvat _9181203 |
|
| 852 |
_aES-MaACL _jD-8473 _bR.33239 |
||
| 999 |
_c138068 _d138068 |
||